Normal view
MARC view
Entry Personal Name
001 - CONTROL NUMBER
- control field: 631869
003 - CONTROL NUMBER IDENTIFIER
- control field: OSt
005 - DATE AND TIME OF LATEST TRANSACTION
- control field: 20221005122356.0
008 - FIXED-LENGTH DATA ELEMENTS
- fixed length control field: 221005|| aca||aabn | a|a d
040 ## - CATALOGING SOURCE
- Original cataloging agency: OSt
- Transcribing agency: OSt
100 ## - HEADING--PERSONAL NAME
- Personal name: Ministry of information and broadcasting government of India (India)
670 ## - SOURCE DATA FOUND
- Source citation: Work cat.: (OSt)1044089: Ministry of information and broadcasting government of India (India) 631868, Jawaharlal Nehru's speeches 1949 - 1953, 1954
